[Event "Arendal GP C"]
[Site "Arendal"]
[Date "2015.02.13"]
[Round "1"]
[White "Tveide, Espen"]
[Black "Andresen, Frank"]
[Result "1-0"]
[WhiteElo "1004"]
[BlackElo "673"]
[PlyCount "117"]
[EventDate "2015.02.13"]
[EventType "swiss"]
[EventRounds "5"]
[EventCountry "NOR"]
[SourceTitle "EXT 2024"]
[Source "ChessBase"]
[SourceDate "2023.10.10"]
[SourceVersion "1"]
[SourceVersionDate "2023.10.10"]
[SourceQuality "1"]

1. e4 e5 2. Nc3 Nf6 3. f4 d6 4. Bc4 Be6 5. Bxe6 fxe6 6. d3 Nc6 7. Nf3 exf4 8. Bxf4 d5 9. e5 Nh5 10. Bg5 Be7 11. Qd2 h6 12. Bxe7 Nxe7 13. d4 0-0 14. 0-0-0 Nf5 15. g4 Nh4 16. Nxh4 Qxh4 17. gxh5 Rf2 18. Qe3 Raf8 19. Qg3 Qxh5 20. h3 Qg5+ 21. Qxg5 hxg5 22. Nb5 Rg2 23. Kb1 Rff2 24. Rc1 g6 25. Nxc7 g4 26. hxg4 Kf7 27. Rhf1 Ke7 28. Rxf2 Rxf2 29. Nb5 a6 30. Nd6 b5 31. b3 Rf4 32. g5 Rxd4 33. c3 Rg4 34. Rf1 Rxg5 35. Rf7+ Kd8 36. Rf6 Rg3 37. Kc2 Rg2+ 38. Kd3 Rg3+ 39. Kd4 Kc7 40. Rxe6 g5 41. Rg6 g4 42. Kxd5 Rd3+ 43. Ke6 g3 44. Ne4 Re3 45. Nxg3 Rxc3 46. Ne4 Rc6+ 47. Kf5 Rc2 48. Rg7+ Kd8 49. Nf6 Rxa2 50. Rd7+ Kc8 51. e6 a5 52. e7 Re2 53. Rd8+ Kb7 54. e8Q Rxe8 55. Rxe8 Ka6 56. Ra8+ Kb6 57. Nd5+ Kc5 58. Ke5 a4 59. Rc8# 1-0